Sociální patologie forenzněpsychologický rozbor vybraných sociálněpatologických jevů
| Main Authors: | , |
|---|---|
| Other Authors: | , , |
| Format: | Book |
| Language: | Czech |
| PhysicalDescription: | 309 strán faksimile, ilustrácie, tabuľky 24 cm |
| Published: |
Praha
Grada
2024
|
| ISBN: | 9788027150786 9788027171781 9788027171774 |
| Edition: | 3., rozšířené a aktualizované vydání |
| Series: | Psyché (Grada)
|
| Subjects: |
MARC
| LEADER | 00000cam a2200000 4500 | ||
|---|---|---|---|
| 001 | vtls012251835 | ||
| 003 | SK-MaSNL | ||
| 005 | 20260302025706.0 | ||
| 008 | 240304s2024 xr ha f n 001 0 cze | ||
| 020 | |a 9788027150786 |q (brožované) | ||
| 020 | |a 9788027171781 |q (ePub) | ||
| 020 | |a 9788027171774 |q (pdf) | ||
| 040 | |a SNK |b slo |c SNK |e rda | ||
| 041 | 0 | |a cze | |
| 044 | |a xr |c CZ | ||
| 072 | 7 | |a 316.4/.7 |x Sociálne interakcie |2 konspekt | |
| 080 | |a 316.624 |2 2011 | ||
| 080 | |a 616.89-008.48 |2 2011 | ||
| 080 | |a 159.97 |2 2011 | ||
| 080 | |a 343.95 |2 2011 | ||
| 080 | |a (048.8) |2 2011 | ||
| 100 | 1 | |a Fischer, Slavomil, |d 1962- |4 aut |9 191812 | |
| 245 | 1 | 0 | |a Sociální patologie |b forenzněpsychologický rozbor vybraných sociálněpatologických jevů |c Slavomil Fischer, Jiří Škoda |
| 250 | |a 3., rozšířené a aktualizované vydání | ||
| 264 | 1 | |a Praha |b Grada |c 2024 | |
| 300 | |a 309 strán |b faksimile, ilustrácie, tabuľky |c 24 cm | ||
| 336 | |a text |b txt |2 rdacontent | ||
| 337 | |a bez média |b n |2 rdamedia | ||
| 338 | |a zväzok |b nc |2 rdacarrier | ||
| 490 | 1 | |a Psyché | |
| 504 | |a Obsahuje bibliografiu na strane 289-304, bibliografické odkazy a vecný i menný register | ||
| 650 | 0 | 7 | |a sociálna deviácia |2 SNKPH |9 4928 |
| 650 | 0 | 7 | |a patologické závislosti |2 SNKPH |9 67667 |
| 650 | 0 | 7 | |a forenzná psychológia |2 SNKPH |9 1009 |
| 650 | 0 | 7 | |a sociálnopatologické javy |2 SNKPH |9 621026 |
| 650 | 0 | 7 | |a Deviant behavior |2 SNKPHeng |9 315684 |
| 650 | 0 | 7 | |a Pathological dependences |2 SNKPHeng |9 306523 |
| 650 | 0 | 7 | |a Forensic psychology |2 SNKPHeng |9 323788 |
| 655 | 7 | |a monografie |2 SNKPH |9 70139 | |
| 655 | 7 | |a Monographs |2 SNKPHeng |9 120675 | |
| 700 | 1 | |a Škoda, Jiří, |d 1972- |4 aut |9 209778 | |
| 700 | 1 | |a Doulík, Pavel, |d 1977- |4 rev |9 372296 | |
| 700 | 1 | |a Žukov, Ilja, |d 1961- |4 rev |9 13125 | |
| 700 | 1 | |a Plicka, Antonín, |d 1972- |4 bkd |4 bjd |9 263202 | |
| 830 | 0 | |a Psyché (Grada) |9 302879 | |
| 852 | |a Slovenská národná knižnica | ||
| 919 | |a 978-80-271-5078-6 | ||
| 919 | |a 978-80-271-7178-1 | ||
| 919 | |a 978-80-271-7177-4 | ||
| 954 | |a odborná, vedecká literatúra cudzojazyčná (svetová) |2 lita | ||
| 958 | |a NB | ||
| 999 | |c 1045021 |d 1046951 | ||
| 952 | |t snkFIS 316.4/.7 |a SNKUST |b SNKUST |y PREZ |7 0 |p 17A1577308 |o snkIC 147970 |i snk2025/15455 |8 4 |g 19.80 |0 0 |1 0 |4 0 |d 2024-04-08 |l 0 |r 2026-02-24 14:36:50 |w 2026-02-24 | ||


